Welcome to CU Library Online Public Access Catalogue (OPAC)

Community Health Nursing (Record no. 7995)

MARC details
000 -LEADER
fixed length control field 00419nam a22001457a 4500
005 - DATE AND TIME OF LATEST TRANSACTION
control field 20251103143945.0
008 - FIXED-LENGTH DATA ELEMENTS--GENERAL INFORMATION
fixed length control field 251103b |||||||| |||| 00| 0 eng d
020 ## - INTERNATIONAL STANDARD BOOK NUMBER
International Standard Book Number 8171795455
050 ## - LIBRARY OF CONGRESS CALL NUMBER
Classification number RT97 BAS
100 ## - MAIN ENTRY--PERSONAL NAME
Personal name Basavanthappa, B. T.
245 ## - TITLE STATEMENT
Title Community Health Nursing
Statement of responsibility, etc. B. T. Basavanthappa
260 ## - PUBLICATION, DISTRIBUTION, ETC.
Place of publication, distribution, etc. New Delhi
Name of publisher, distributor, etc. Jaypee Brothers Medical Publishers
Date of publication, distribution, etc. 2006
300 ## - PHYSICAL DESCRIPTION
Extent ix. 737p.
Other physical details ill.
Dimensions 24cm
942 ## - ADDED ENTRY ELEMENTS (KOHA)
Source of classification or shelving scheme Library of Congress Classification
Koha item type Books
Suppress in OPAC No
999 ## -
-- 7995
-- 7995
Holdings
Withdrawn status Lost status Source of classification or shelving scheme Damaged status Not for loan Collection Home library Current library Shelving location Date acquired Total checkouts Full call number Barcode Date last seen Copy number Price effective from Koha item type
    Library of Congress Classification     Non-fiction Science Library (Miotso) Science Library (Miotso) General stacks 11/03/2025   RT97 BAS SLM00005150 11/03/2025 1 11/03/2025 Books
    Library of Congress Classification     Non-fiction Science Library (Miotso) Science Library (Miotso) General stacks 11/03/2025   RT97 BAS SLM00005151 11/03/2025 2 11/03/2025 Books
    Library of Congress Classification     Non-fiction Science Library (Miotso) Science Library (Miotso) General stacks 11/03/2025   RT98 .C6546 BAS SLM00005154 11/03/2025 3 11/03/2025 Books
    Library of Congress Classification     Non-fiction Science Library (Miotso) Science Library (Miotso) General stacks 11/03/2025   RT98 .C6546 BAS SLM00005155 11/03/2025 4 11/03/2025 Books
    Library of Congress Classification     Non-fiction Science Library (Miotso) Science Library (Miotso) General stacks 11/03/2025   RT98 .C6546 BAS SLM00005156 11/03/2025 5 11/03/2025 Books
© 2023-2024 Copyright: Central University Libraries. All Rights Reserved | Created by: Mahone Tech Office